|
|
|
|
| LEADER |
00000cam a2200000 7i4500 |
| 001 |
0000001710 |
| 002 |
000001862 |
| 005 |
20000330.0 |
| 020 |
|
|
|a 0861242238
|
| 090 |
0 |
0 |
|a 623.749
|b YEN
|
| 100 |
1 |
|
|a Yenne, Bill
|
| 245 |
1 |
4 |
|a The Encyclopedia of US spacecraft
|c Bill Yenne
|
| 260 |
|
|
|a London :
|b Bison Books ,
|c 1985
|
| 300 |
|
|
|a 192p. :
|b ill. ;
|c 30cm.
|
| 650 |
0 |
0 |
|a Space flight
|z United States
|x Encyclopedia
|
| 700 |
1 |
|
|a Garratt, Susan
|
| 999 |
|
|
|a 034879
|b BUKU
|c PINJAMAN
|e PERPUSTAKAAN KOMUNITI PETALING JAYA
|
| 999 |
|
|
|a 034880
|b BUKU
|c PINJAMAN
|e PERPUSTAKAAN KOMUNITI PETALING JAYA
|